000
00304nam a2200109Ia 4500
008
200302s9999 xx 000 0 und d
100
_a
P V K Rameshwar
245
_a
Proceedings: 2nd IUDI National Urban Thesis Seminar 2010
260
_b
Cept University Press Ahmedabad
260
_c
2012
300
_a
113 P.,
999
_c
5796
_d
5796